ՀՀ Գիտությունների ազգային ակադեմիայի հիմնարար գիտական գրադարան  =   Fundamental Scientific Library of NAS RA

Концентрация и рассеяние полезных компонентов в аллювиальных россыпях : (Record no. 265786)

MARC details
000 -LEADER
fixed length control field 01075nam a2200193 a 4500
001 - CONTROL NUMBER
control field 000719205
003 - CONTROL NUMBER IDENTIFIER
control field AM-YeHGA
005 - DATE AND TIME OF LATEST TRANSACTION
control field 20250617142904.0
008 - FIXED-LENGTH DATA ELEMENTS--GENERAL INFORMATION
fixed length control field 100305s1985 ru r 000 0 rus d
040 ## - CATALOGING SOURCE
Original cataloging agency AM-YeHGA
041 0# - LANGUAGE CODE
Language code of text/sound track or separate title rus
090 ## - LOCALLY ASSIGNED LC-TYPE CALL NUMBER (OCLC); LOCAL CALL NUMBER (RLIN)
-- 267420
245 00 - TITLE STATEMENT
Title Концентрация и рассеяние полезных компонентов в аллювиальных россыпях :
Remainder of title Тезисы докладов /
Statement of responsibility, etc. [Редкол.: Э. Д. Избеков (отв. ред.) и др.].
260 ## - PUBLICATION, DISTRIBUTION, ETC.
Place of publication, distribution, etc. Якутск :
Name of publisher, distributor, etc. ЯФ СО АН СССР,
Date of publication, distribution, etc. 1985.
300 ## - PHYSICAL DESCRIPTION
Extent 183 с. ;
Dimensions 21 см.
500 ## - GENERAL NOTE
General note В надзаг.: Секция россыпей Науч. совета по рудообразованию АН СССР, Ин-т геологии, Якут. террит. правл. НТГО, Якут. ПГО "Якутскгеология", Якут. ПО "Якутзолото"
653 0# - INDEX TERM--UNCONTROLLED
Uncontrolled term Россыпные месторождения - Происхождение - Тезисы докладов
700 1# - ADDED ENTRY--PERSONAL NAME
Personal name Избеков, Э.Д.
Relator term ред.
Relationship edt
Holdings
Withdrawn status Lost status Damaged status Not for loan Collection Home library Current library Date acquired Total checkouts Full call number Barcode Date last seen Price effective from Koha item type Public note
        General Fundamental Scientific Library Fundamental Scientific Library 29/12/2016   PII/545238 FL0146327 29/12/2016 29/12/2016 Գրքեր / Books 30 Days Loan


ՀՀ ԳԱԱ հիմնարար գիտական գրադարան
ՀՀ,Երևան 0019
Մարշալ Բաղրամյան 24/6
հեռախոս:(374-10) 52-47-50
Հետադարձ կապ

All site content, except where otherwise noted, is licensed under a
Creative Commons License